[Event "Ontario Closed"]
[Site "Kitchener CAN"]
[Date "2010.08.01"]
[Round "5"]
[White "Demmery, Steve"]
[Black "Henry, Liam"]
[Result "0-1"]
[WhiteElo "2230"]
[BlackElo "2288"]
[PlyCount "32"]
[EventDate "2010.07.30"]
[EventType "swiss"]
[EventRounds "7"]
[EventCountry "CAN"]

1. d4 Nf6 2. c4 g6 3. Nc3 d5 4. Bf4 Bg7 5. e3 c5 6. dxc5 Qa5 7. Rc1 dxc4 8.
Bxc4 O-O 9. Nf3 Qxc5 10. Qb3 Nc6 11. Nb5 Be6 12. Qa3 Nb4 13. Nd2 Bxc4 14. Nc7
Rad8 15. Rxc4 Nc2+ 16. Ke2 Qh5+ 0-1

[Event "Ontario Closed"]
[Site "Kitchener CAN"]
[Date "2010.08.01"]
[Round "5"]
[White "Humphreys, Michael"]
[Black "Drkulec, Vladimir"]
[Result "1-0"]
[WhiteElo "2208"]
[BlackElo "2121"]
[PlyCount "107"]
[EventDate "2010.07.30"]
[EventType "swiss"]
[EventRounds "7"]
[EventCountry "CAN"]

1. d4 Nf6 2. c4 g6 3. Nc3 d5 4. cxd5 Nxd5 5. Bd2 Bg7 6. e4 Nb6 7. Be3 O-O 8. h3
f5 9. exf5 gxf5 10. Qb3+ e6 11. Nge2 Nc6 12. O-O-O Ne7 13. Nf4 Ned5 14. Ncxd5
Nxd5 15. Bc4 c6 16. g3 Re8 17. Bxd5 exd5 18. h4 Qb6 19. Kc2 Qxb3+ 20. axb3 Bf8
21. Nd3 Bg7 22. Rhe1 Kf8 23. Nf4 Kf7 24. Ra1 a6 25. Nd3 b6 26. b4 Bd7 27. Kc3
Rec8 28. Bg5 Be6 29. Nf4 Re8 30. Nxe6 Rxe6 31. Rxe6 Kxe6 32. Re1+ Kd6 33. Re7
Bh8 34. Rxh7 c5 35. bxc5+ bxc5 36. Be7+ Ke6 37. Bxc5 Rc8 38. Kd3 a5 39. Ra7 Rb8
40. Ra6+ Kf7 41. Rb6 Re8 42. Rd6 Rb8 43. Rxd5 Rxb2 44. Rxf5+ Ke6 45. Rh5 Bg7
46. d5+ Kf7 47. Rf5+ Ke8 48. Bd4 Bxd4 49. Kxd4 a4 50. Rf3 Ra2 51. h5 Ra1 52. h6
Rh1 53. Ra3 Rxh6 54. Rxa4 1-0

[Event "Ontario Closed"]
[Site "Kitchener CAN"]
[Date "2010.08.01"]
[Round "5"]
[White "Jung, Hans"]
[Black "Guo, Joshua"]
[Result "1/2-1/2"]
[WhiteElo "2132"]
[BlackElo "2118"]
[PlyCount "104"]
[EventDate "2010.07.30"]
[EventType "swiss"]
[EventRounds "7"]
[EventCountry "CAN"]

1. e4 c5 2. Nf3 d6 3. h3 Nc6 4. c3 Nf6 5. d3 g6 6. Be3 Bg7 7. Qc1 O-O 8. Bh6 b5
9. Bxg7 Kxg7 10. Be2 Bb7 11. O-O Rc8 12. Qe3 e5 13. Nh2 Qe7 14. f4 exf4 15.
Qxf4 d5 16. Nd2 Rce8 17. Rf2 Qe5 18. Raf1 Qxf4 19. Rxf4 Nd7 20. R1f2 d4 21. Ng4
dxc3 22. bxc3 a6 23. Nf6 Nxf6 24. Rxf6 Ne5 25. d4 cxd4 26. cxd4 Nc4 27. Nxc4
bxc4 28. Bxc4 Bxe4 29. Rxf7+ Rxf7 30. Rxf7+ Kh6 31. d5 Rc8 32. Bb3 Bc2 33. d6
Bxb3 34. axb3 Rc2 35. Rf2 Rc1+ 36. Rf1 Rc8 37. d7 Rd8 38. Rf7 g5 39. g4 Kg6 40.
Re7 h5 41. gxh5+ Kxh5 42. Kg2 Kg6 43. Re6+ Kf5 44. Rd6 Kf4 45. Rd1 a5 46. Kf2
g4 47. hxg4 Kxg4 48. Ke3 Kf5 49. Rd5+ Ke6 50. Kd4 Rxd7 51. Rxd7 Kxd7 52. Kc5 a4
1/2-1/2

[Event "Ontario Closed"]
[Site "Kitchener CAN"]
[Date "2010.08.01"]
[Round "5"]
[White "Kagramanov, Dina"]
[Black "Wang, Jesse BJ"]
[Result "1/2-1/2"]
[WhiteElo "2196"]
[BlackElo "2113"]
[PlyCount "44"]
[EventDate "2010.07.30"]
[EventType "swiss"]
[EventRounds "7"]
[EventCountry "CAN"]

1. e4 c5 2. Nf3 d6 3. c3 Nf6 4. d3 Nc6 5. h3 e6 6. Be2 Be7 7. O-O O-O 8. Nbd2
b6 9. d4 cxd4 10. cxd4 Bb7 11. Bd3 Nb4 12. Bb1 Ba6 13. Re1 Nd3 14. Re3 Nxc1 15.
Qxc1 Rc8 16. Qd1 Bb7 17. a4 Rc7 18. Nb3 Qc8 19. Nfd2 e5 20. d5 Nd7 21. Nf1 Nc5
22. Nfd2 Nd7 1/2-1/2

[Event "Ontario Closed"]
[Site "Kitchener CAN"]
[Date "2010.08.01"]
[Round "5"]
[White "Whissell, Mavros"]
[Black "Chung, Kevin"]
[Result "1-0"]
[WhiteElo "2085"]
[BlackElo "2297"]
[PlyCount "59"]
[EventDate "2010.07.30"]
[EventType "swiss"]
[EventRounds "7"]
[EventCountry "CAN"]

1. e4 e6 2. d4 d5 3. Nd2 h6 4. Ngf3 Nf6 5. e5 Nfd7 6. c3 c5 7. Bd3 Nc6 8. O-O
g5 9. c4 g4 10. cxd5 exd5 11. e6 fxe6 12. Bg6+ Ke7 13. Nh4 Nxd4 14. Nb3 Nxb3
15. axb3 Qb6 16. Re1 Kd8 17. Bf4 Be7 18. Bg3 Nf8 19. Bh5 Bd6 20. Qxg4 Bxg3 21.
hxg3 Qc7 22. Nf3 Qe7 23. Ne5 Kc7 24. Nf7 Rh7 25. Qf4+ Kb6 26. b4 a6 27. bxc5+
Ka7 28. Nd6 Bd7 29. Qb4 Bc6 30. Rxa6+ 1-0

[Event "Ontario Closed"]
[Site "Kitchener CAN"]
[Date "2010.08.02"]
[Round "6"]
[White "Chung, Kevin"]
[Black "Kho, Jingle"]
[Result "1-0"]
[WhiteElo "2297"]
[BlackElo "2111"]
[PlyCount "132"]
[EventDate "2010.07.30"]
[EventType "swiss"]
[EventRounds "7"]
[EventCountry "CAN"]

1. e4 c6 2. d4 d5 3. exd5 cxd5 4. c4 Nf6 5. Nc3 e6 6. Nf3 Nc6 7. a3 dxc4 8.
Bxc4 Be7 9. O-O a6 10. Be3 O-O 11. Rc1 b5 12. Ba2 Bb7 13. Ng5 Qd7 14. Qe2 h6
15. Nf3 Rfd8 16. Rfd1 b4 17. d5 exd5 18. Nxd5 Qg4 19. Nxe7+ Nxe7 20. Bxf7+ Kh8
21. axb4 Rf8 22. Bc4 Ned5 23. Rd4 Qe6 24. Qd2 Rad8 25. Re1 Qf5 26. Nh4 Qh5 27.
Be2 Qf7 28. Bd3 Ne7 29. Rxd8 Rxd8 30. Bb6 Rd7 31. Rxe7 Rxe7 32. Ng6+ Kg8 33.
Nxe7+ Qxe7 34. Bc4+ Kh7 35. f3 Qe5 36. Bd4 Qd6 37. Qd3+ Kh8 38. Bc5 Qc7 39. Qd6
Qc8 40. Qf8+ Qxf8 41. Bxf8 Kh7 42. Bd3+ Kg8 43. Bc5 Kf7 44. Bd4 Ke6 45. Kf2 h5
46. Bc4+ Kf5 47. b5 axb5 48. Bxb5 g5 49. Bd3+ Ke6 50. Bxf6 Kxf6 51. Be4 Ba6 52.
g3 Bc4 53. b4 Bb5 54. Ke3 Ke6 55. Kd4 Kd6 56. Bd5 h4 57. g4 Be2 58. Ba8 Bb5 59.
Ke4 Bd7 60. Bb7 Kc7 61. Ba6 Bc6+ 62. Kf5 Bxf3 63. Kxg5 h3 64. Kh4 Kb6 65. Bc4
Bg2 66. g5 Be4 1-0

[Event "Ontario Closed"]
[Site "Kitchener CAN"]
[Date "2010.08.02"]
[Round "6"]
[White "Demmery, Steve"]
[Black "Jung, Hans"]
[Result "1-0"]
[WhiteElo "2122"]
[BlackElo "2132"]
[PlyCount "65"]
[EventDate "2010.07.30"]
[EventType "swiss"]
[EventRounds "7"]
[EventCountry "CAN"]

1. d4 e6 2. c4 Nf6 3. g3 Bb4+ 4. Nd2 c5 5. Ngf3 cxd4 6. Nxd4 Qb6 7. N4f3 Ne4 8.
e3 Bxd2+ 9. Nxd2 Nxd2 10. Qxd2 Qc6 11. Rg1 O-O 12. b3 Qc5 13. Bb2 Nc6 14. O-O-O
a5 15. a3 f6 16. Qc3 Qh5 17. h3 Rf7 18. g4 Qh4 19. Qc2 b6 20. f4 Bb7 21. g5 f5
22. g6 hxg6 23. Rxg6 Ne7 24. Rg5 d5 25. Qg2 g6 26. Be2 Kh7 27. Rg1 Rg8 28. Be5
Qh6 29. h4 Nc6 30. Rh5 Qxh5 31. Bxh5 Nxe5 32. fxe5 dxc4 33. Bxg6+ 1-0

[Event "Ontario Closed"]
[Site "Kitchener CAN"]
[Date "2010.08.01"]
[Round "6"]
[White "Guo, Joshua"]
[Black "Humphreys, Michael"]
[Result "0-1"]
[WhiteElo "2210"]
[BlackElo "2208"]
[PlyCount "70"]
[EventDate "2010.07.30"]
[EventType "swiss"]
[EventRounds "7"]
[EventCountry "CAN"]

1. e4 c5 2. Nf3 d6 3. Bd3 g6 4. c3 Bg7 5. Bc2 Bg4 6. h3 Bxf3 7. Qxf3 Nc6 8. d3
Nf6 9. O-O O-O 10. Be3 Ne8 11. Qe2 b5 12. a3 a5 13. Nd2 Qb6 14. Nf3 Nc7 15. Qd2
Rfd8 16. d4 cxd4 17. cxd4 d5 18. e5 a4 19. Bh6 Ne6 20. Bxg7 Kxg7 21. Rfd1 Rac8
22. Bb1 Na5 23. Ba2 Nc4 24. Qb4 Rd7 25. b3 axb3 26. Bxb3 Qa5 27. Rdc1 Ra8 28.
Bxc4 Qxb4 29. axb4 Rxa1 30. Rxa1 dxc4 31. Kf1 Nxd4 32. Rd1 c3 33. Nxd4 Rxd4 34.
Rc1 Rc4 35. Ke2 Rxb4 0-1

[Event "Ontario Closed"]
[Site "Kitchener CAN"]
[Date "2010.08.02"]
[Round "6"]
[White "Henry, Liam"]
[Black "Kleinman, Michael"]
[Result "0-1"]
[WhiteElo "2288"]
[BlackElo "2248"]
[PlyCount "88"]
[EventDate "2010.07.30"]
[EventType "swiss"]
[EventRounds "7"]
[EventCountry "CAN"]

1. e4 c5 2. Nf3 d6 3. d4 cxd4 4. Nxd4 Nf6 5. Nc3 g6 6. Be3 Bg7 7. f3 Nc6 8. Qd2
O-O 9. Bc4 Bd7 10. O-O-O Rc8 11. Bb3 Nxd4 12. Bxd4 b5 13. Nd5 Nxd5 14. Bxg7
Kxg7 15. exd5 a5 16. a3 b4 17. axb4 axb4 18. h4 Qa5 19. Qd4+ Kg8 20. h5 Bf5 21.
Kd2 Rc5 22. Ke3 Bxc2 23. Bxc2 Rxc2 24. hxg6 fxg6 25. Rxh7 e5 26. dxe6 Qg5+ 27.
Kd3 Qf5+ 28. Qe4 b3 29. Qxf5 Rxf5 30. Rdh1 Rd5+ 31. Ke4 Re5+ 32. Kf4 Rxg2 33.
Rh8+ Kg7 34. R1h7+ Kf6 35. Rf8+ Kxe6 36. Re8+ Kd5 37. Rxe5+ dxe5+ 38. Ke3 Rxb2
39. Rb7 Rb1 40. Kf2 e4 41. fxe4+ Kxe4 42. Re7+ Kd3 43. Re3+ Kd4 44. Re2 b2 0-1

[Event "Ontario Closed"]
[Site "Kitchener CAN"]
[Date "2010.08.02"]
[Round "6"]
[White "Wang, Jesse BJ"]
[Black "Drkulec, Vladimir"]
[Result "1/2-1/2"]
[WhiteElo "2113"]
[BlackElo "2121"]
[PlyCount "89"]
[EventDate "2010.07.30"]
[EventType "swiss"]
[EventRounds "7"]
[EventCountry "CAN"]

1. e4 e5 2. Nf3 Nc6 3. Bb5 a6 4. Ba4 Nf6 5. O-O b5 6. Bb3 Be7 7. Re1 O-O 8. d4
d6 9. c3 Bg4 10. Be3 exd4 11. cxd4 Na5 12. Bc2 Nc4 13. h3 Nxb2 14. Qe2 Bxf3 15.
Qxf3 Nc4 16. Bf4 Nd7 17. Nc3 Bf6 18. Rad1 Re8 19. a4 c6 20. Bb3 Ndb6 21. e5 Be7
22. axb5 cxb5 23. Nd5 Bf8 24. exd6 Rxe1+ 25. Rxe1 Nxd5 26. Qxd5 Bxd6 27. Bxc4
Bxf4 28. Qxf7+ Kh8 29. Bd5 Qf8 30. Qb7 Rd8 31. g3 Bg5 32. Bc6 Qb4 33. Rd1 Qb3
34. Bf3 Bf6 35. Kg2 Bxd4 36. Qxa6 Qb2 37. Rf1 g6 38. Qc6 b4 39. Qc1 Qa2 40. Qg5
Rb8 41. Qf4 Qa7 42. Rd1 Rd8 43. Bd5 Bc3 44. Bb3 Qa8+ 45. Qf3 1/2-1/2

[Event "Ontario Closed"]
[Site "Kitchener CAN"]
[Date "2010.08.02"]
[Round "7"]
[White "Drkulec, Vladimir"]
[Black "Kagramanov, Dina"]
[Result "1-0"]
[WhiteElo "2121"]
[BlackElo "2196"]
[PlyCount "93"]
[EventDate "2010.07.30"]
[EventType "swiss"]
[EventRounds "7"]
[EventCountry "CAN"]

1. d4 d5 2. c4 e6 3. g3 Nf6 4. Nf3 c6 5. Bg2 Be7 6. O-O Nbd7 7. b3 Ne4 8. Nfd2
f5 9. f3 Nxd2 10. Qxd2 O-O 11. Ba3 c5 12. cxd5 Bf6 13. Bb2 exd5 14. f4 Kh8 15.
Bxd5 cxd4 16. Rd1 Nc5 17. Bf3 Ne6 18. Na3 a6 19. Nc2 Qb6 20. Nxd4 Rd8 21. e3
Bd7 22. Qf2 Nc5 23. Rac1 Bb5 24. Nxb5 Bxb2 25. Qxb2 Nd3 26. Rxd3 Rxd3 27. Nd4
Rxe3 28. Kg2 Qf6 29. Qd2 Re7 30. Ne2 h6 31. Nc3 Qe6 32. Nd5 Rd8 33. Rd1 Red7
34. Qd4 Qc6 35. Qd3 Qe6 36. Kf2 Re8 37. Qc3 Qd6 38. b4 Rdd8 39. Re1 Qd7 40. Qb3
b5 41. Kg2 Qa7 42. Re2 Rd7 43. Qc2 Qd4 44. Rd2 Qa7 45. Qxf5 Rf7 46. Qg6 Rc8 47.
Be4 1-0

[Event "Ontario Closed"]
[Site "Kitchener CAN"]
[Date "2010.08.02"]
[Round "7"]
[White "Jung, Hans"]
[Black "Chung, Kevin"]
[Result "1-0"]
[WhiteElo "2132"]
[BlackElo "2060"]
[PlyCount "59"]
[EventDate "2010.07.30"]
[EventType "swiss"]
[EventRounds "7"]
[EventCountry "CAN"]

1. Nc3 e6 2. d3 d5 3. g3 Nf6 4. Bg2 Be7 5. Bd2 c5 6. e4 Nc6 7. f4 a6 8. a4 b6
9. Nh3 Bb7 10. O-O dxe4 11. dxe4 Qd4+ 12. Rf2 O-O-O 13. e5 Ne8 14. Qf1 f5 15.
Bxc6 Bxc6 16. Qxa6+ Bb7 17. Qxb6 Nc7 18. a5 Rd7 19. a6 Ba8 20. Ra4 c4 21. Qxd4
Rxd4 22. Be3 Bc5 23. Bxd4 Bxd4 24. Rxc4 Bxf2+ 25. Kxf2 Kb8 26. Ng5 Re8 27. a7+
Kb7 28. Nf7 Re7 29. Nd6+ Ka6 30. Ra4+ 1-0

[Event "Ontario Closed"]
[Site "Kitchener CAN"]
[Date "2010.08.02"]
[Round "7"]
[White "Whissell, Mavros"]
[Black "Henry, Liam"]
[Result "1/2-1/2"]
[WhiteElo "2085"]
[BlackElo "2288"]
[PlyCount "60"]
[EventDate "2010.07.30"]
[EventType "swiss"]
[EventRounds "7"]
[EventCountry "CAN"]

1. e4 c5 2. Nf3 d6 3. d4 cxd4 4. Nxd4 Nf6 5. Nc3 a6 6. Be3 e5 7. Nb3 Be6 8. Qd2
Nbd7 9. f3 b5 10. O-O-O Nb6 11. Qf2 Nfd7 12. f4 Na4 13. f5 Bxb3 14. cxb3 Nxc3
15. bxc3 Nf6 16. Qc2 Rc8 17. Kb1 Qc7 18. Bd3 Be7 19. Bc1 Qxc3 20. Qxc3 Rxc3 21.
Bb2 Rc6 22. Rc1 Kd7 23. Rxc6 Kxc6 24. Rc1+ Kb7 25. a4 bxa4 26. bxa4 g6 27. Rc3
gxf5 28. exf5 Rg8 29. Rb3+ Ka7 30. Rc3 Kb7 1/2-1/2

[Event "Ontario op"]
[Site "Toronto CAN"]
[Date "2010.05.22"]
[Round "1"]
[White "Aronov, Yuri"]
[Black "Tonakanian, Stephan"]
[Result "1-0"]
[WhiteElo "2266"]
[BlackElo "2008"]
[PlyCount "133"]
[EventDate "2010.05.22"]
[EventType "swiss"]
[EventRounds "6"]
[EventCountry "CAN"]

1. d4 Nf6 2. Nf3 d5 3. c4 e6 4. Nc3 c5 5. cxd5 cxd4 6. Qa4+ Qd7 7. Qxd4 Nxd5 8.
Nxd5 Qxd5 9. Qxd5 exd5 10. e3 Nc6 11. Bb5 Bb4+ 12. Bd2 Bxd2+ 13. Kxd2 Ke7 14.
Rac1 Bd7 15. Rc5 a6 16. Bxc6 bxc6 17. Nd4 Rab8 18. b3 Kd6 19. Rhc1 Rb6 20. a3
h5 21. f3 f5 22. b4 g6 23. h4 Rg8 24. Ne2 Rg7 25. Nf4 Be8 26. Ke2 Ra7 27. Ra5
Re7 28. Kf2 Bf7 29. Rc3 Ra7 30. Nd3 Rb5 31. Rc5 Rb8 32. Nf4 Rba8 33. Ne2 Rc7
34. Rc3 Be8 35. Kg3 Rb7 36. Nd4 Raa7 37. Kf4 Re7 38. Rac5 Rac7 39. Nb3 Rg7 40.
Ra5 Ra7 41. Nc5 Bd7 42. Rxa6 Rxa6 43. Nxa6 Bc8 44. Nc5 Ra7 45. a4 Ra8 46. a5
Rb8 47. Nd3 Bd7 48. a6 d4 49. exd4 Kd5 50. Ke3 Re8+ 51. Ne5 Kd6 52. a7 Ra8 53.
Ra3 Bc8 54. Ra5 Bb7 55. Kf4 Rg8 56. Kg5 Kc7 57. Nxg6 Kb6 58. Kxh5 Ba6 59. Kg5
Kxa7 60. h5 Rg7 61. h6 Rh7 62. Nf4 Kb7 63. Kg6 Rd7 64. h7 Rd8 65. Kg7 Rd7+ 66.
Kh6 Rd8 67. Ng6 1-0

[Event "Ontario op"]
[Site "Toronto CAN"]
[Date "2010.05.22"]
[Round "1"]
[White "Florea, Alexandru"]
[Black "Henry, Liam"]
[Result "0-1"]
[WhiteElo "2050"]
[BlackElo "2295"]
[PlyCount "90"]
[EventDate "2010.05.22"]
[EventType "swiss"]
[EventRounds "6"]
[EventCountry "CAN"]

1. e4 c5 2. f4 d6 3. Nf3 Nc6 4. Bb5 Bd7 5. d3 g6 6. Nc3 Bg7 7. O-O e6 8. Qe1
Nge7 9. h3 O-O 10. Kh2 Nd4 11. Bxd7 Nxc2 12. Qd2 Nxa1 13. Ba4 a6 14. d4 b5 15.
Bd1 cxd4 16. Nxd4 Qb6 17. Nde2 Rac8 18. b3 b4 19. Na4 Qc6 20. Qxb4 Nc2 21. Qd2
Rfd8 22. Rf3 Nd4 23. Rc3 Qxe4 24. Re3 Qb7 25. Ba3 Nb5 26. Bb2 Bxb2 27. Nxb2 Nf5
28. Rd3 Nh4 29. Nd4 Nxd4 30. Rxd4 Nf5 31. Rd3 Qc7 32. Nc4 d5 33. Ne5 Qc1 34.
Qf2 Qc5 35. Qd2 d4 36. Nc4 Qc7 37. Bg4 Ne3 38. Nxe3 dxe3 39. Rxd8+ Rxd8 40.
Qxe3 g5 41. Qe2 Qxf4+ 42. Kh1 Rc8 43. Qd3 Rc1+ 44. Bd1 Kg7 45. Kg1 e5 0-1

[Event "Ontario op"]
[Site "Toronto CAN"]
[Date "2010.05.22"]
[Round "1"]
[White "Gelis, Paul"]
[Black "Tang, Leslie"]
[Result "1-0"]
[WhiteElo "2198"]
[BlackElo "1612"]
[PlyCount "133"]
[EventDate "2010.05.22"]
[EventType "swiss"]
[EventRounds "6"]
[EventCountry "CAN"]

1. d4 Nf6 2. Nf3 e6 3. c4 d5 4. cxd5 exd5 5. Bg5 Be7 6. Qc2 h6 7. Bh4 Ne4 8.
Bxe7 Qxe7 9. Nc3 c6 10. Nxd5 cxd5 11. Qxc8+ Qd8 12. Qxd8+ Kxd8 13. e3 Nc6 14.
a3 Rc8 15. Bd3 f5 16. O-O g5 17. b4 g4 18. Bxe4 fxe4 19. Nd2 Kd7 20. Nb3 b6 21.
Rfc1 Ne7 22. Kf1 Nf5 23. Nd2 Nd6 24. Ke2 Nb5 25. a4 Nd6 26. b5 Nb7 27. f3 gxf3+
28. gxf3 Nd6 29. fxe4 dxe4 30. Rg1 Rhg8 31. Rac1 Rxg1 32. Rxg1 Rc2 33. Rg7+ Kc8
34. Kd1 Rc3 35. Rg6 Nf5 36. Nxe4 Rxe3 37. Nd6+ Nxd6 38. Rxd6 Rh3 39. Rc6+ Kb7
40. Kc2 Rxh2+ 41. Kc3 h5 42. d5 Rh1 43. Kd2 Ra1 44. Rc4 Ra2+ 45. Ke3 Ra3+ 46.
Ke4 h4 47. d6 Ra1 48. Ke5 h3 49. Rh4 Kc8 50. Rxh3 Rxa4 51. Rh7 Kd8 52. Ke6 Re4+
53. Kd5 Ra4 54. Rg7 Ra3 55. Kc6 Rc3+ 56. Kb7 Ra3 57. Rg8+ Kd7 58. Ra8 Kxd6 59.
Rxa7 Rxa7+ 60. Kxa7 Kc7 61. Ka8 Kc8 62. Ka7 Kc7 63. Ka6 Kc8 64. Kxb6 Kb8 65.
Kc6 Kc8 66. b6 Kb8 67. b7 1-0

[Event "Ontario op"]
[Site "Toronto CAN"]
[Date "2010.05.22"]
[Round "1"]
[White "Gusev, Nikita"]
[Black "Orlova, Yelizaveta"]
[Result "1-0"]
[WhiteElo "2274"]
[BlackElo "2028"]
[PlyCount "41"]
[EventDate "2010.05.22"]
[EventType "swiss"]
[EventRounds "6"]
[EventCountry "CAN"]

1. e4 c5 2. Nf3 Nc6 3. d4 cxd4 4. Nxd4 Qb6 5. Nb3 g6 6. Be3 Qb4+ 7. Nc3 Bg7 8.
Bd3 Bxc3+ 9. bxc3 Qxc3+ 10. Bd2 Qe5 11. O-O Qc7 12. f4 d6 13. Kh1 Nf6 14. Bc3
O-O 15. Qe1 Rd8 16. Qh4 Ne8 17. Rae1 d5 18. exd5 Rxd5 19. f5 e6 20. fxg6 fxg6
21. Bxg6 1-0

[Event "Ontario op"]
[Site "Toronto CAN"]
[Date "2010.05.22"]
[Round "1"]
[White "Kryvoruchko, Yuriy"]
[Black "Sambuev, Bator"]
[Result "0-1"]
[WhiteElo "2174"]
[BlackElo "2612"]
[PlyCount "78"]
[EventDate "2010.05.22"]
[EventType "swiss"]
[EventRounds "6"]
[EventCountry "CAN"]

1. e4 e6 2. d4 d5 3. Nc3 Bb4 4. e5 c5 5. Bd2 Nc6 6. Nb5 Bxd2+ 7. Qxd2 Nxd4 8.
Nxd4 cxd4 9. f4 Ne7 10. Nf3 Nc6 11. O-O-O O-O 12. Nxd4 Bd7 13. Nf3 f6 14. Re1
a5 15. h4 Qb6 16. Kb1 fxe5 17. Nxe5 Nxe5 18. Rxe5 Qb4 19. Qxb4 axb4 20. g3 Ra4
21. Bh3 Rfa8 22. Bxe6+ Bxe6 23. Rxe6 Rxa2 24. Re8+ Rxe8 25. Kxa2 Re3 26. Rd1
Rxg3 27. Rxd5 b3+ 28. cxb3 Rg4 29. Rb5 Rxh4 30. Rxb7 Rxf4 31. b4 h5 32. b5 h4
33. b6 Rf6 34. Ka3 h3 35. Rb8+ Kh7 36. b7 Ra6+ 37. Kb4 Rb6+ 38. Ka5 Rxb2 39.
Re8 h2 0-1

[Event "Ontario op"]
[Site "Toronto CAN"]
[Date "2010.05.22"]
[Round "1"]
[White "Plotkin, Victor"]
[Black "Wang, Jesse BJ"]
[Result "1/2-1/2"]
[WhiteElo "2422"]
[BlackElo "2053"]
[PlyCount "88"]
[EventDate "2010.05.22"]
[EventType "swiss"]
[EventRounds "6"]
[EventCountry "CAN"]

1. e4 c5 2. c3 d5 3. exd5 Qxd5 4. d4 Nf6 5. Nf3 e6 6. Be2 Nc6 7. O-O Be7 8. Be3
cxd4 9. cxd4 O-O 10. Nc3 Qd8 11. Ne5 Nb4 12. Qb3 Nbd5 13. Bf3 Bd6 14. Bg5 Nxc3
15. bxc3 h6 16. Bh4 Qc7 17. Bg3 Nd7 18. Nd3 Bxg3 19. hxg3 Rb8 20. Rfc1 b6 21.
Qa3 a6 22. Qe7 Qd8 23. Qxd8 Rxd8 24. Nb4 Re8 25. a4 Bb7 26. Nc6 Bxc6 27. Bxc6
Red8 28. Rab1 Nf6 29. Rb3 Rd6 30. Bf3 Rc8 31. Rcb1 Nd5 32. Bxd5 Rxd5 33. Ra3 b5
34. axb5 axb5 35. f4 f6 36. Kf2 e5 37. Ke3 exd4+ 38. cxd4 Rc4 39. Rd1 f5 40.
Ra8+ Kf7 41. Ra7+ Kf6 42. Ra6+ Kf7 43. Rb6 Rc7 44. Rd3 Re7+ 1/2-1/2

[Event "Ontario op"]
[Site "Toronto CAN"]
[Date "2010.05.22"]
[Round "2"]
[White "Barrios, Felix"]
[Black "Kagramanov, Dalia"]
[Result "1-0"]
[WhiteElo "2174"]
[BlackElo "2012"]
[PlyCount "101"]
[EventDate "2010.05.22"]
[EventType "swiss"]
[EventRounds "6"]
[EventCountry "CAN"]

1. d4 Nf6 2. c4 g6 3. Nc3 Bg7 4. e4 d6 5. Bg5 Nbd7 6. f3 c5 7. d5 O-O 8. Qd2 a6
9. a4 Qb6 10. Be2 Re8 11. Nh3 Nf8 12. Nf2 e6 13. O-O N6d7 14. Ng4 Bd4+ 15. Kh1
h5 16. Ne3 Nh7 17. Bh4 Ndf6 18. Ned1 Kg7 19. a5 Qc7 20. Na4 Rb8 21. Rb1 Nd7 22.
b4 e5 23. Ndb2 b5 24. axb6 Nxb6 25. bxc5 dxc5 26. Nc3 Bd7 27. Ra1 Ra8 28. Ra3
Reb8 29. g4 hxg4 30. fxg4 f6 31. Ncd1 g5 32. Rh3 Rh8 33. Be1 Qc8 34. Ne3 a5 35.
Nf5+ Bxf5 36. gxf5 a4 37. Ra3 Qb8 38. Nd1 Nf8 39. Nc3 Nfd7 40. Nb5 Rh6 41. Bg3
Qc8 42. Qc1 Rh8 43. Rff3 Rh6 44. Ra2 Rh8 45. Bd1 Ra5 46. Rfa3 Nxd5 47. exd5 e4
48. Nd6 Qa6 49. Rxa4 Rxa4 50. Rxa4 Qb6 51. Nxe4 1-0

[Event "Ontario op"]
[Site "Toronto CAN"]
[Date "2010.05.22"]
[Round "2"]
[White "Doubleday, William"]
[Black "Gusev, Nikita"]
[Result "1/2-1/2"]
[WhiteElo "2201"]
[BlackElo "2274"]
[PlyCount "113"]
[EventDate "2010.05.22"]
[EventType "swiss"]
[EventRounds "6"]
[EventCountry "CAN"]

1. d4 Nf6 2. c4 e6 3. Nc3 Bb4 4. e3 b6 5. Nge2 Ne4 6. Qc2 Bb7 7. a3 Bxc3+ 8.
Nxc3 Nxc3 9. Qxc3 O-O 10. b4 f5 11. Bb2 Qf6 12. Qc2 Qh6 13. Rd1 d6 14. c5 Be4
15. Qe2 f4 16. exf4 Qxf4 17. Bc1 Qf5 18. Be3 Nd7 19. f3 Bb7 20. cxd6 cxd6 21.
Qd3 Qf7 22. Be2 Nf6 23. O-O Nd5 24. Rc1 Rac8 25. Qd2 Qd7 26. Bc4 Rxc4 27. Rxc4
Ba6 28. Rfc1 Bxc4 29. Rxc4 b5 30. Rc2 Rc8 31. Bf2 Nb6 32. Bg3 Rc4 33. Rxc4 Nxc4
34. Qd3 Qc6 35. Bf4 Qd5 36. Qe4 Qxe4 37. fxe4 d5 38. exd5 exd5 39. Bc1 Kf7 40.
g4 Kg6 41. Kg2 Nd6 42. h3 Ne4 43. Kf3 h5 44. Be3 hxg4+ 45. hxg4 Kf6 46. Bf4 Ke6
47. Be3 Nd6 48. Kf4 Nc4 49. Bc1 Kf6 50. Kf3 Nb6 51. Ke2 Na4 52. Bd2 Kg6 53. Kf3
Nb2 54. Ke2 Nc4 55. Bc1 Nd6 56. Kf3 Ne4 57. Be3 1/2-1/2

[Event "Ontario op"]
[Site "Toronto CAN"]
[Date "2010.05.22"]
[Round "2"]
[White "Grigorescu, Laurentiu"]
[Black "Abrahams, Daniel"]
[Result "1-0"]
[WhiteElo "2004"]
[BlackElo "2078"]
[PlyCount "55"]
[EventDate "2010.05.22"]
[EventType "swiss"]
[EventRounds "6"]
[EventCountry "CAN"]

1. d4 Nf6 2. c4 e6 3. Nc3 Bb4 4. e3 b6 5. Qb3 Qe7 6. Bd3 Bb7 7. f3 c5 8. a3 Ba5
9. Nge2 d5 10. O-O O-O 11. Ng3 a6 12. cxd5 Nxd5 13. e4 Nxc3 14. bxc3 cxd4 15.
cxd4 Nc6 16. Bb2 Rfd8 17. d5 exd5 18. Nf5 Qc5+ 19. Kh1 d4 20. Rac1 Qe5 21. f4
Qe8 22. e5 b5 23. Nd6 Qe7 24. Qc2 Rxd6 25. exd6 Qh4 26. Be2 Rc8 27. d7 Rc7 28.
Qe4 1-0

[Event "Ontario op"]
[Site "Toronto CAN"]
[Date "2010.05.22"]
[Round "2"]
[White "Henry, Liam"]
[Black "Mahoney, Ian"]
[Result "1-0"]
[WhiteElo "2295"]
[BlackElo "1704"]
[PlyCount "77"]
[EventDate "2010.05.22"]
[EventType "swiss"]
[EventRounds "6"]
[EventCountry "CAN"]

1. e4 c5 2. Nf3 Nc6 3. d4 cxd4 4. Nxd4 Nf6 5. Nc3 e5 6. Ndb5 d6 7. Bg5 a6 8.
Na3 b5 9. Nd5 Qa5+ 10. Bd2 Qd8 11. Bg5 Qa5+ 12. Bd2 Qd8 13. Bd3 Be6 14. c4 bxc4
15. Nxf6+ gxf6 16. Nxc4 d5 17. Qa4 dxc4 18. Qxc6+ Bd7 19. Qxc4 Bb5 20. Qxb5+
axb5 21. Bxb5+ Ke7 22. Bb4+ Ke6 23. Bc4+ Kd7 24. O-O-O+ Kc7 25. Rxd8 Kxd8 26.
Rd1+ Kc7 27. Bc3 Bc5 28. f3 Rhg8 29. g3 Rgd8 30. Bd5 Rab8 31. a3 Rd7 32. b4
Be3+ 33. Kc2 Kb6 34. Kb3 Rc8 35. b5 Rdc7 36. Bc6 Rxc6 37. bxc6 Kxc6 38. Bb4 Bd4
39. Rc1+ 1-0

[Event "Ontario op"]
[Site "Toronto CAN"]
[Date "2010.05.22"]
[Round "2"]
[White "Johnston, Robert"]
[Black "Cummings, David"]
[Result "0-1"]
[WhiteElo "2064"]
[BlackElo "2462"]
[PlyCount "52"]
[EventDate "2010.05.22"]
[EventType "swiss"]
[EventRounds "6"]
[EventCountry "CAN"]

1. e4 c5 2. Bc4 e6 3. Nc3 a6 4. a3 b5 5. Ba2 Bb7 6. d3 Nc6 7. Nf3 Nf6 8. O-O
Be7 9. h3 Qc7 10. Re1 d6 11. Bf4 Ne5 12. Nxe5 dxe5 13. Bg5 h6 14. Bh4 g5 15.
Bg3 h5 16. Ne2 O-O-O 17. Qd2 Nxe4 18. Qe3 Nxg3 19. Nxg3 Kb8 20. Qxe5 Bd6 21.
Qxg5 Rdg8 22. Qd2 Bxg3 23. fxg3 Rxg3 24. Re2 Rhg8 25. Kh1 Rxh3+ 26. Kg1 Qh2+
0-1

[Event "Ontario op"]
[Site "Toronto CAN"]
[Date "2010.05.22"]
[Round "2"]
[White "Orlova, Yelizaveta"]
[Black "Itkin, David"]
[Result "1-0"]
[WhiteElo "2028"]
[BlackElo "1966"]
[PlyCount "45"]
[EventDate "2010.05.22"]
[EventType "swiss"]
[EventRounds "6"]
[EventCountry "CAN"]

1. d4 Nf6 2. Nf3 g6 3. g3 Bg7 4. Bg2 O-O 5. O-O d6 6. Nbd2 Nc6 7. Nc4 e6 8. c3
Nh5 9. e4 f5 10. e5 d5 11. Na3 h6 12. Bd2 Qe8 13. h4 Kh7 14. Qc1 Rf7 15. c4 Qf8
16. Re1 Bh8 17. Bxh6 Qxh6 18. Ng5+ Kg8 19. Nxf7 Qxc1 20. Raxc1 Kxf7 21. cxd5
Nxd4 22. Rxc7+ Ke8 23. Rc4 1-0